| 000 | 00515nam a22001937a 4500 | ||
|---|---|---|---|
| 005 | 20260529163657.0 | ||
| 010 | _aENG-148667 | ||
| 020 |
_a9789349042735 _c199.00 |
||
| 035 | _aEN-132199 | ||
| 037 | _bDBAD | ||
| 082 |
_aS _21 |
||
| 100 | _aKipling, Rudyard | ||
| 245 |
_aThe Jungle Book/ _cRudyard Kipling |
||
| 250 | _a1 | ||
| 260 |
_aChandigarh _bThe Browser _c2026 |
||
| 270 |
_bChandigarh _aSCO 14-15, Sector 8-C _e160009 _mservice@thebrowser.org |
||
| 300 |
_a145p. _c20cm(pb) |
||
| 942 |
_2ddc _cEN _hS _mKIP |
||
| 999 |
_c216420 _d216420 |
||